[Event "International Championship of Central Se"]
[Site "Paracin, hotel "]
[Date "2013.07.09"]
[Round "6.1"]
[White "Ostojic, Nikola M"]
[Black "Rasic, Jovan"]
[Result "0-1"]
[WhiteElo "2068"]
[BlackElo "2085"]
[PlyCount "140"]
[EventDate "2013.07.05"]

1. d4 g6 2. c4 Bg7 3. Nc3 d6 4. e4 Nf6 5. f4 e6 6. Be2 O-O 7. Nf3 b6 8. O-O d5
9. e5 Ne4 10. Be3 Nxc3 11. bxc3 c6 12. Qc2 dxc4 13. Bxc4 Ba6 14. Bxa6 Nxa6 15.
Qa4 Qc8 16. c4 Rd8 17. Rfd1 Qb7 18. Rab1 Nc7 19. Qb3 Rd7 20. a4 Rad8 21. Rd2
Bf8 22. Rbd1 a5 23. Bf2 Be7 24. h3 b5 25. axb5 cxb5 26. Ra2 Bb4 27. Rc1 Qe4 28.
Bh4 Rb8 29. Bg5 a4 30. Qd1 Bc5 31. cxb5 Bxd4+ 32. Nxd4 Nxb5 33. Rc4 Qe3+ 34.
Kh2 Nxd4 35. Qxa4 Nf5 36. Ra3 Rd3 37. Rxd3 Qxd3 38. Rc1 Qg3+ 39. Kh1 Ne3 40.
Qe4 Qf2 41. Rg1 h6 42. Bf6 Nd5 43. Ra1 Qxf4 44. Qxf4 Nxf4 45. Ra4 Nd5 46. Bh4
g5 47. Bf2 Rb2 48. Kg1 Nf4 49. Re4 Nd3 50. Bg3 Rb1+ 51. Kh2 Kg7 52. h4 Kg6 53.
hxg5 hxg5 54. Re3 Nc5 55. Rf3 Rb3 56. Rf6+ Kg7 57. Rf1 Ne4 58. Be1 Rb1 59. Kg1
g4 60. g3 Nc5 61. Kg2 Nd3 62. Bc3 Rxf1 63. Kxf1 Kg6 64. Ke2 Nc5 65. Ke3 Kf5 66.
Kd4 Nd7 67. Bd2 Nxe5 68. Bf4 Nf3+ 69. Ke3 Ng5 70. Bd6 Ne4 0-1

[Event "International Championship of Central Se"]
[Site "Paracin, hotel "]
[Date "2013.07.09"]
[Round "6.2"]
[White "Marjanovics, Gyorgy"]
[Black "Radovic, Janko"]
[Result "0-1"]
[WhiteElo "2069"]
[BlackElo "2038"]
[PlyCount "50"]
[EventDate "2013.07.05"]

1. e4 c5 2. Nf3 d6 3. Bb5+ Bd7 4. Bxd7+ Qxd7 5. O-O Nf6 6. Qe2 Nc6 7. c3 e6 8.
Rd1 Rc8 9. d4 cxd4 10. cxd4 d5 11. e5 Ne4 12. Ne1 Nxd4 13. Rxd4 Rxc1 14. Rd1
Rxd1 15. Qxd1 Bc5 16. Nd3 Bd4 17. Nd2 Nxd2 18. Qxd2 O-O 19. h4 Rc8 20. h5 h6
21. g4 Qd8 22. Rd1 Qh4 23. Qf4 Rc4 24. Qf3 Bb6 25. Nf4 Qg5 0-1

[Event "International Championship of Central Se"]
[Site "Paracin, hotel "]
[Date "2013.07.09"]
[Round "6.3"]
[White "Cica, Dragan"]
[Black "Radovanovic, Miroljub B"]
[Result "1-0"]
[WhiteElo "2063"]
[BlackElo "1961"]
[PlyCount "91"]
[EventDate "2013.07.05"]

1. e4 c5 2. Nf3 Nc6 3. d4 cxd4 4. Nxd4 e5 5. Nb5 d6 6. N1c3 a6 7. Na3 b5 8. Nd5
Nf6 9. Bg5 Qa5+ 10. Bd2 Qd8 11. Bg5 Be6 12. c3 h6 13. Bxf6 gxf6 14. Qf3 Bg7 15.
Nc2 Bxd5 16. exd5 Ne7 17. Bd3 Qd7 18. Ne3 h5 19. Nf5 Nxf5 20. Bxf5 Qc7 21. O-O
Ke7 22. a4 Rhb8 23. axb5 axb5 24. Qxh5 Ra4 25. Rxa4 bxa4 26. Qe2 Qb6 27. Qg4
Kf8 28. Qxa4 Qxb2 29. Qd7 Qb6 30. h4 Qd8 31. Qc6 Qe7 32. Ra1 Kg8 33. Ra4 Qd8
34. Ra7 Bf8 35. Qc4 Qb6 36. Qg4+ Bg7 37. Qa4 Qc5 38. c4 Qb4 39. Qxb4 Rxb4 40.
c5 dxc5 41. Ra8+ Bf8 42. d6 Kg7 43. d7 Be7 44. Re8 Rd4 45. Rxe7 c4 46. Re8 1-0

[Event "International Championship of Central Se"]
[Site "Paracin, hotel "]
[Date "2013.07.09"]
[Round "6.4"]
[White "Kostic, Tomislav"]
[Black "Djuretanovic, Ivan"]
[Result "1/2-1/2"]
[WhiteElo "1978"]
[BlackElo "2042"]
[PlyCount "40"]
[EventDate "2013.07.05"]

1. e4 e5 2. Nf3 Nc6 3. Nc3 f5 4. d4 exd4 5. Nxd4 Nxd4 6. Qxd4 d6 7. Bc4 c6 8.
Bf4 Nf6 9. a4 Qb6 10. O-O-O Qxd4 11. Rxd4 fxe4 12. Bxd6 Bxd6 13. Rxd6 Ke7 14.
Rhd1 Bf5 15. h3 Rhd8 16. Rxd8 Rxd8 17. Rxd8 Kxd8 18. Kd2 Ke7 19. Ke3 Kd6 20.
Kd4 e3 1/2-1/2

[Event "International Championship of Central Se"]
[Site "Paracin, hotel "]
[Date "2013.07.09"]
[Round "6.5"]
[White "Dragojevic, Dragan"]
[Black "Ljangov, Petar"]
[Result "0-1"]
[WhiteElo "1971"]
[BlackElo "2010"]
[PlyCount "131"]
[EventDate "2013.07.05"]

1. e4 c5 2. f4 d6 3. Nf3 Nf6 4. d3 Nc6 5. Be2 g6 6. O-O Bg7 7. c3 O-O 8. Na3
Rb8 9. Bd2 a6 10. Nc2 b5 11. Qe1 b4 12. Qh4 bxc3 13. bxc3 Rb2 14. Bd1 c4 15. f5
cxd3 16. Ne3 Ne5 17. Nxe5 dxe5 18. Nc4 Rb5 19. Bb3 Bb7 20. Rae1 Qa8 21. fxg6
fxg6 22. Re3 Rd8 23. Rh3 Bc8 24. Rxf6 exf6 25. Qxh7+ Kf8 26. Bh6 Qb7 27. Be3
Qc7 28. Bc1 Bxh3 29. Ba3+ Rc5 30. Qxh3 Kg8 31. Bxc5 Qxc5+ 32. Qe3 Bf8 33. Kf2
Rc8 34. Qxc5 Bxc5+ 35. Ke1 Bg1 36. Kd2 Bxh2 37. Kxd3 Rd8+ 38. Ke2 Bg1 39. g4
Kg7 40. Na5 Rd6 41. Bd5 Kf8 42. c4 Rd7 43. Nc6 Bc5 44. Kd3 Kg7 45. Kc3 Bd6 46.
Kb3 Rb7+ 47. Kc2 Ba3 48. Kc3 Bb2+ 49. Kc2 Ba1 50. a4 Rb2+ 51. Kd3 Rg2 52. Nb4
Rg3+ 53. Ke2 a5 54. Na6 Bd4 55. c5 Rc3 56. c6 Bb6 57. Kd2 Ra3 58. c7 Bxc7 59.
Nxc7 Rxa4 60. Ne8+ Kf8 61. Nxf6 Ke7 62. g5 Ra3 63. Ng4 Rg3 64. Nxe5 Rxg5 65.
Nc6+ Kd6 66. Nxa5 0-1

[Event "International Championship of Central Se"]
[Site "Paracin, hotel "]
[Date "2013.07.09"]
[Round "6.6"]
[White "Janjic, Jovo"]
[Black "Bozilov, Dragan"]
[Result "1-0"]
[WhiteElo "2008"]
[BlackElo "1930"]
[Annotator "Natasa"]
[PlyCount "60"]
[EventDate "2013.07.05"]

1. e4 c6 2. Nc3 d5 3. exd5 cxd5 4. d4 Nf6 5. Bb5+ Bd7 6. Bxd7+ Nbxd7 7. Nf3 e6
8. O-O Bd6 9. Bg5 a6 10. Qe2 Qc7 11. Bh4 b5 12. Bg3 Bxg3 13. hxg3 O-O 14. a3
Nb6 15. Ne5 Nc4 16. Nxc4 bxc4 17. Rab1 Qa5 18. g4 Nd7 19. g3 Rfe8 20. f4 Rab8
21. Kg2 Rb6 22. Rh1 Reb8 23. Nd1 Nf8 24. c3 f6 25. Rc1 Re8 26. Rc2 e5 27. dxe5
fxe5 28. fxe5 Qb5 29. g5 Qc6 30. Kg1 Qb7 {unreadable} 1-0

[Event "International Championship of Central Se"]
[Site "Paracin, hotel "]
[Date "2013.07.09"]
[Round "6.7"]
[White "Grbic, Branko"]
[Black "Milosavljevic, Marija"]
[Result "1-0"]
[WhiteElo "1984"]
[BlackElo "1901"]
[PlyCount "79"]
[EventDate "2013.07.05"]

1. e4 c5 2. Nf3 d6 3. d4 cxd4 4. Nxd4 Nf6 5. Nc3 a6 6. Be2 e5 7. Nb3 Be7 8. O-O
Be6 9. Kh1 Nbd7 10. f4 Qc7 11. f5 Bc4 12. Bxc4 Qxc4 13. Qf3 b5 14. a3 Nb6 15.
Be3 Nfd7 16. Rad1 Qc7 17. Qg3 Bf6 18. Qf2 Be7 19. Rd3 f6 20. Qg3 O-O 21. Rfd1
Rfd8 22. Qf2 Rac8 23. R1d2 Nc5 24. Nxc5 dxc5 25. Rxd8+ Rxd8 26. Rxd8+ Qxd8 27.
Bxc5 Bxc5 28. Qxc5 Na4 29. Nxa4 bxa4 30. Qd5+ Qxd5 31. exd5 Kf7 32. c4 Ke7 33.
c5 Kd7 34. Kg1 Kc7 35. Kf2 Kd7 36. Ke3 Kc7 37. Kd3 Kd7 38. Kc4 a5 39. Kb5 Kd8
40. c6 1-0

[Event "International Championship of Central Se"]
[Site "Paracin, hotel "]
[Date "2013.07.09"]
[Round "6.8"]
[White "Korbovljanovic, Natasa"]
[Black "Zivkovic, Zivojin"]
[Result "1/2-1/2"]
[WhiteElo "1877"]
[BlackElo "1981"]
[PlyCount "88"]
[EventDate "2013.07.05"]

1. e4 d6 2. d4 Nf6 3. Nc3 g6 4. Nf3 Bg7 5. Bc4 c6 6. a4 O-O 7. O-O Qc7 8. h3 e5
9. Be3 b6 10. Qe2 Nxe4 11. Nxe4 d5 12. dxe5 dxe4 13. Ng5 Qxe5 14. Bc1 Nd7 15.
Qxe4 Qxe4 16. Nxe4 Ne5 17. Bb3 Ba6 18. Rd1 Bc4 19. Bxc4 Nxc4 20. Rb1 Rad8 21.
Rxd8 Rxd8 22. Bg5 Re8 23. Nf6+ Bxf6 24. Bxf6 Re6 25. Bc3 f6 26. Kf1 Kf7 27. Rd1
Rd6 28. Rxd6 Nxd6 29. f3 Ke6 30. Ke2 a6 31. Bd4 c5 32. Be3 b5 33. axb5 axb5 34.
b3 Nf5 35. g4 Ne7 36. Kd3 Nd5 37. Bd2 Kd6 38. c4 bxc4+ 39. bxc4 Ne7 40. Bh6 Nc6
41. Bf8+ Ke6 42. f4 Nb4+ 43. Kc3 Na6 44. h4 Kf7 1/2-1/2

[Event "International Championship of Central Se"]
[Site "Paracin, hotel "]
[Date "2013.07.09"]
[Round "6.10"]
[White "Jandric, Damjan"]
[Black "Zivanovic, Blagoje"]
[Result "1/2-1/2"]
[WhiteElo "2058"]
[BlackElo "1817"]
[Annotator "Natasa"]
[PlyCount "110"]
[EventDate "2013.07.05"]

1. e4 e5 2. Bc4 Nf6 3. d3 Bc5 4. Nf3 d6 5. O-O O-O 6. c3 Bb6 7. Bb3 h6 8. h3
Nc6 9. Re1 Be6 10. Bc2 Re8 11. Nbd2 Ne7 12. Nf1 Ng6 13. d4 c6 14. Ng3 Bc7 15.
dxe5 dxe5 16. Qe2 Bb6 17. Bb3 Nf4 18. Qc2 Bxb3 19. axb3 Qd3 20. Qxd3 Nxd3 21.
Re2 Rad8 22. Ne1 Nc5 23. Ra3 Rd1 24. Be3 Nd3 25. Kf1 Bxe3 26. Rxe3 Rxe1+ 27.
Rxe1 Nxe1 28. Kxe1 a6 29. f3 g6 30. Ke2 Rd8 31. Ra4 Nd7 32. b4 f6 33. Nf1 Nb6
34. Ne3 Kf7 35. c4 Rd4 36. b3 Rd7 37. Nd1 Rc7 38. Ne3 Rd7 39. g3 Re7 40. Ra1
Ke6 41. c5 Nc8 42. Nc4 Rd7 43. f4 Na7 44. fxe5 fxe5 45. Rd1 Rxd1 46. Kxd1 Nb5
47. Kd2 Nd4 48. Na5 Kd7 49. Kd3 Ke7 50. Nxb7 Nxb3 51. Nd6 Nd4 52. Nc4 Ke6 53.
Ne3 Nf3 54. Nd1 Nd4 55. Nf2 Nf3 {unreadable} 1/2-1/2

[Event "International Championship of Central Se"]
[Site "Paracin, hotel "]
[Date "2013.07.09"]
[Round "6.11"]
[White "Jaklin, Damir"]
[Black "Brankovan, Mario"]
[Result "0-1"]
[WhiteElo "1916"]
[BlackElo "1938"]
[PlyCount "90"]
[EventDate "2013.07.05"]

1. d4 Nf6 2. c4 c5 3. d5 d6 4. Nc3 Bf5 5. f3 h6 6. e4 Bh7 7. Bd3 e5 8. Nge2 Be7
9. Be3 Nbd7 10. Qd2 a6 11. O-O g5 12. Rab1 Nh5 13. b4 b6 14. Rb3 cxb4 15. Rxb4
Rb8 16. Rfb1 Qc7 17. Na4 Bd8 18. Kh1 Qc8 19. Nxb6 Bxb6 20. Bxb6 O-O 21. g4 Rxb6
22. Rxb6 Nxb6 23. Rxb6 Qd8 24. Qb4 Qf6 25. Kg2 Nf4+ 26. Nxf4 Qxf4 27. Qe1 Bg6
28. Rb1 h5 29. Qc1 Qf6 30. Qe3 Qe7 31. Rb6 a5 32. Qd2 Ra8 33. Rb5 a4 34. a3 Kg7
35. Qe3 hxg4 36. fxg4 Rh8 37. c5 dxc5 38. Qxc5 Qf6 39. Qe3 Rc8 40. Rb6 Qd8 41.
Bb5 Rc2+ 42. Kg3 Qh8 43. Bf1 Qxh2+ 44. Kf3 Qh1+ 45. Kg3 Qxf1 0-1

[Event "International Championship of Central Se"]
[Site "Paracin, hotel "]
[Date "2013.07.09"]
[Round "6.12"]
[White "Pribanovic, Milivoje"]
[Black "Kosir, Franci"]
[Result "1-0"]
[WhiteElo "1841"]
[BlackElo "1934"]
[PlyCount "120"]
[EventDate "2013.07.05"]

1. e4 c5 2. Nf3 d6 3. d4 cxd4 4. Nxd4 Nf6 5. Nc3 g6 6. Be3 Bg7 7. f3 O-O 8. Qd2
Nc6 9. Bc4 Bd7 10. O-O-O Rb8 11. Kb1 Na5 12. Bb3 b5 13. Ka1 Re8 14. g4 Nc4 15.
Bxc4 bxc4 16. h4 h5 17. gxh5 Nxh5 18. Nde2 Qa5 19. Bd4 Qb4 20. Rb1 e5 21. Be3
Be6 22. Rhd1 Red8 23. Nd5 Qxd2 24. Rxd2 Rd7 25. c3 f5 26. Bg5 Kf7 27. Rbd1 Bxd5
28. Rxd5 Ke6 29. Be3 Nf6 30. exf5+ gxf5 31. R5d2 Rh8 32. Bg5 f4 33. Re1 Kf5 34.
Red1 Ke6 35. Ng1 Nh7 36. Nh3 Bf6 37. Bxf6 Nxf6 38. Ng5+ Ke7 39. Rxd6 Rxh4 40.
Re6+ Kd8 41. Rb1 Nd5 42. Rxe5 Ne3 43. a3 Rh2 44. Ne6+ Kc8 45. Nxf4 Nc2+ 46. Ka2
Rf2 47. Rc5+ Rc7 48. Re5 Rxf3 49. Nd5 Rh7 50. Re4 Rh2 51. Rxc4+ Kb7 52. Rc7+
Ka6 53. Nb4+ Nxb4+ 54. axb4 Kb6 55. Rc4 Rff2 56. Kb3 Rc2 57. Rc5 Rcd2 58. Ra5
Rhg2 59. Ra2 Rh2 60. Rba1 Rhg2 1-0

[Event "International Championship of Central Se"]
[Site "Paracin, hotel "]
[Date "2013.07.09"]
[Round "6.13"]
[White "Ristic, Dejan D"]
[Black "Boskovic, Maksimilijan"]
[Result "0-1"]
[WhiteElo "1823"]
[BlackElo "1927"]
[PlyCount "114"]
[EventDate "2013.07.05"]

1. d4 Nf6 2. Nf3 e6 3. e3 c5 4. c3 b6 5. Bd3 Bb7 6. O-O Be7 7. Ne5 O-O 8. Nd2
d6 9. Ng4 d5 10. Ne5 Nbd7 11. f4 Ne4 12. Rf3 f5 13. Rh3 Nxe5 14. Bxe4 dxe4 15.
fxe5 Qe8 16. Nf1 g5 17. g4 f4 18. Qe2 cxd4 19. cxd4 Rc8 20. Bd2 Rc2 21. Rh6 Kg7
22. Rh5 Qc8 23. Qg2 f3 24. Qh3 Rh8 25. Rh6 Rxb2 26. Rc1 Qd7 27. a3 a5 28. Qh5
Bd8 29. h4 Qf7 30. hxg5 Qxh5 31. gxh5 Bd5 32. Rf6 Re8 33. h6+ Kg8 34. Rf4 Bb7
35. Rg4 Kf7 36. Be1 Kg6 37. Bf2 Kh5 38. Rg3 b5 39. g6 Kxh6 40. gxh7 Kxh7 41.
Nh2 Rg8 42. Ng4 b4 43. axb4 axb4 44. Ra1 Bh4 45. Nf6+ Bxf6 46. Rxg8 Kxg8 47.
exf6 b3 48. Ra7 Bd5 49. f7+ Kg7 50. Bh4 Rg2+ 51. Kh1 b2 52. Bf6+ Kg6 53. f8=N+
Kxf6 54. Nh7+ Kg6 55. Nf8+ Kh5 56. Rh7+ Kg4 57. Rg7+ Kh4 0-1

[Event "International Championship of Central Se"]
[Site "Paracin, hotel "]
[Date "2013.07.09"]
[Round "6.14"]
[White "Milosavljevic, Milica"]
[Black "Pavlovic, Branka"]
[Result "1-0"]
[WhiteElo "1926"]
[BlackElo "1787"]
[PlyCount "239"]
[EventDate "2013.07.05"]

1. c4 Nf6 2. Nc3 g6 3. g3 Bg7 4. Bg2 d6 5. e4 O-O 6. Nge2 e5 7. O-O Be6 8. d3
c6 9. h3 h6 10. f4 Qc8 11. Kh2 Kh7 12. Be3 Nh5 13. f5 Bd7 14. g4 Nf6 15. g5
hxg5 16. Bxg5 Qc7 17. Ng3 Be8 18. Qe2 Nbd7 19. Rh1 Rh8 20. Raf1 Kg8 21. Bf3 a5
22. Kg2 Nh7 23. Bd2 Ndf6 24. h4 Nf8 25. h5 N8h7 26. h6 Bf8 27. Rfg1 Be7 28. Kf1
Kf8 29. Rg2 Ng8 30. fxg6 fxg6 31. Rf2 Bf7 32. Bg4 Ke8 33. Be3 Ngf6 34. Na4 c5
35. Nc3 Rf8 36. Nb5 Qd8 37. Ke1 Nxg4 38. Qxg4 Qd7 39. Qxd7+ Kxd7 40. Rhf1 Be6
41. Rxf8 Rxf8 42. Nc3 Bh4 43. Bf2 Bg5 44. Nd5 Bxd5 45. exd5 Ke7 46. Ne4 Bf4 47.
Rh1 g5 48. Nxc5 dxc5 49. Bxc5+ Ke8 50. Bxf8 Kxf8 51. Ke2 g4 52. c5 Ke7 53. Rf1
Nf6 54. d6+ Ke6 55. Rh1 Nh7 56. Rh4 g3 57. Rg4 Ng5 58. h7 Nxh7 59. d7 Kxd7 60.
Rg7+ Kc6 61. Rxh7 Bc1 62. b3 Bb2 63. Kf3 Bd4 64. Kxg3 Bxc5 65. Kf3 b6 66. Ke4
Bd4 67. Re7 Kd6 68. Re8 Bb2 69. Rd8+ Ke7 70. Rd5 Ke6 71. d4 exd4 72. Rb5 Kd6
73. Rxb6+ Kc5 74. Rb8 Ba1 75. a4 Bc3 76. Rb5+ Kd6 77. Kd3 Kc6 78. Kc4 Kd6 79.
Rd5+ Kc6 80. Rh5 Kb6 81. Rh6+ Kc7 82. Rg6 Kb7 83. Rf6 Kc7 84. Kd5 Bb4 85. Rc6+
Kb7 86. Rc4 d3 87. Rd4 d2 88. Kc4 Kc6 89. Rd3 Kb6 90. Kd5 Kc7 91. Ke6 Kc6 92.
Ke5 Kc5 93. Rd5+ Kc6 94. Ke4 Bc3 95. Rd3 Bb4 96. Ke3 Kc5 97. Ke2 Kc6 98. Rd8
Kc5 99. Rc8+ Kb6 100. Rb8+ Kc5 101. Rb5+ Kc6 102. Rxb4 axb4 103. Kxd2 Kc5 104.
Kd3 Kd5 105. Ke3 Ke5 106. Kf3 Kd4 107. Kf4 Kc3 108. a5 Kxb3 109. a6 Kc2 110. a7
b3 111. a8=Q b2 112. Qc6+ Kd1 113. Qb5 Kc1 114. Qc4+ Kd2 115. Qb3 Kc1 116. Qc3+
Kb1 117. Ke3 Ka2 118. Qc2 Ka1 119. Qa4+ Kb1 120. Kd3 1-0

[Event "International Championship of Central Se"]
[Site "Paracin, hotel "]
[Date "2013.07.09"]
[Round "6.15"]
[White "Lazovic, Bozidar"]
[Black "Ivic, Matija"]
[Result "1/2-1/2"]
[WhiteElo "1786"]
[BlackElo "1925"]
[PlyCount "108"]
[EventDate "2013.07.05"]

1. e4 c5 2. Ne2 g6 3. g3 Bg7 4. Bg2 Nc6 5. Nbc3 d6 6. O-O e6 7. d3 Nge7 8. Be3
Nd4 9. Qd2 O-O 10. Nd1 Rb8 11. c3 Nxe2+ 12. Qxe2 b5 13. Qd2 b4 14. c4 Nc6 15.
Bh6 Nd4 16. Bxg7 Kxg7 17. Ne3 e5 18. f4 f6 19. Rf2 Qa5 20. b3 Nxb3 21. Qb2 Nxa1
22. Qxa1 Be6 23. f5 Bg8 24. fxg6 hxg6 25. Qd1 Be6 26. Nf5+ gxf5 27. exf5 Bg8
28. Qh5 Bh7 29. Bd5 Qc7 30. g4 Kh8 31. g5 Qg7 32. g6 Rfe8 33. Rf3 Re7 34. Rh3
a5 35. Qf3 Qf8 36. Qh5 Rbb7 37. Bxb7 Rxb7 38. Qf3 Qc8 39. Rh5 a4 40. Qh3 Qg8
41. Qh4 Rf7 42. Kf2 b3 43. gxf7 Qxf7 44. axb3 axb3 45. Rxh7+ Qxh7 46. Qxf6+ Kg8
47. Qd8+ Kg7 48. Qe7+ Kg8 49. Qd8+ Kg7 50. Qe7+ Kh6 51. Qh4+ Kg7 52. Qe7+ Kh8
53. Qf8+ Qg8 54. Qh6+ Qh7 1/2-1/2

[Event "International Championship of Central Se"]
[Site "Paracin, hotel "]
[Date "2013.07.09"]
[Round "6.17"]
[White "Stojadinovic, Tomislav"]
[Black "Arandjelovic, Aleksandar Z"]
[Result "1/2-1/2"]
[WhiteElo "1871"]
[BlackElo "2042"]
[PlyCount "43"]
[EventDate "2013.07.05"]

1. c4 f5 2. g3 Nf6 3. d3 g6 4. Nc3 Bg7 5. Bg2 O-O 6. e3 e5 7. Nge2 Nc6 8. Rb1
Ne7 9. Qb3 Kh8 10. O-O d6 11. f4 c6 12. e4 Qc7 13. a4 Be6 14. Qa3 Rac8 15. b4
fxe4 16. Nxe4 Nxe4 17. Bxe4 d5 18. cxd5 cxd5 19. Bf3 Qb6+ 20. Kh1 Bh3 21. a5
Qe6 22. Bb2 1/2-1/2

[Event "International Championship of Central Se"]
[Site "Paracin, hotel "]
[Date "2013.07.09"]
[Round "6.18"]
[White "Majstorovic, Dusan"]
[Black "Nikolic, Milan"]
[Result "1-0"]
[WhiteElo "2025"]
[BlackElo "1859"]
[PlyCount "75"]
[EventDate "2013.07.05"]

1. e4 c5 2. Nc3 Nc6 3. g3 g6 4. Bg2 Bg7 5. d3 d6 6. Be3 f5 7. Qd2 Nf6 8. Bh6
Bxh6 9. Qxh6 Nd4 10. O-O-O b5 11. e5 Ng4 12. Qg7 Kd7 13. exd6 Ne6 14. Qxe7+
Qxe7 15. dxe7 Rb8 16. Rd2 Kxe7 17. h3 Nf6 18. Nd5+ Nxd5 19. Bxd5 a5 20. Ne2 Rd8
21. c4 Nc7 22. Bg2 bxc4 23. Re1 cxd3 24. Nf4+ Kf6 25. Rxd3 Ba6 26. Rc3 g5 27.
Rxc5 gxf4 28. Rxc7 fxg3 29. fxg3 Rbc8 30. Ree7 Rxc7+ 31. Rxc7 Rc8 32. Rxc8 Bxc8
33. Kd2 Be6 34. a3 a4 35. Kc3 Ke5 36. Bc6 Bb3 37. Kb4 h5 38. h4 1-0

[Event "International Championship of Central Se"]
[Site "Paracin, hotel "]
[Date "2013.07.09"]
[Round "6.19"]
[White "Majcen, Zoran"]
[Black "Antic, Nenad"]
[Result "1/2-1/2"]
[WhiteElo "1848"]
[BlackElo "2022"]
[PlyCount "37"]
[EventDate "2013.07.05"]

1. d4 d5 2. Bf4 Nf6 3. Nf3 c5 4. e3 Nc6 5. c4 e6 6. Nc3 a6 7. dxc5 Bxc5 8. cxd5
Nxd5 9. Nxd5 exd5 10. a3 O-O 11. Be2 Re8 12. O-O d4 13. Rc1 Bb6 14. exd4 Nxd4
15. Nxd4 Qxd4 16. Qxd4 Bxd4 17. Rc2 Bf5 18. Rd2 Bf6 19. Bf3 1/2-1/2

[Event "International Championship of Central Se"]
[Site "Paracin, hotel "]
[Date "2013.07.09"]
[Round "6.20"]
[White "Stojkovic, Zoran"]
[Black "Nikolovska, Dragana"]
[Result "1-0"]
[WhiteElo "2005"]
[BlackElo "1848"]
[PlyCount "109"]
[EventDate "2013.07.05"]

1. e4 c5 2. Nf3 d6 3. d4 cxd4 4. Nxd4 Nf6 5. Nc3 g6 6. Be2 Bg7 7. Be3 O-O 8. g4
Qa5 9. Nb3 Qd8 10. g5 Ne8 11. Qd2 Bh3 12. O-O-O Nc6 13. Rdg1 a5 14. a4 Rc8 15.
Rg3 Be6 16. Nd4 Ne5 17. b3 d5 18. Nxe6 fxe6 19. exd5 Qd6 20. Nb5 Qxd5 21. Qxd5
exd5 22. f4 Nc6 23. Bg4 Nd6 24. Be6+ Kh8 25. h4 Nf5 26. Rgh3 Nb4 27. Bxc8 Rxc8
28. Na3 Nxe3 29. Rxe3 Rc7 30. h5 Kg8 31. hxg6 hxg6 32. c4 d4 33. Rf3 Rd7 34.
Rd1 d3 35. Kd2 e5 36. fxe5 Bxe5 37. Re1 Bd6 38. Rf6 Na2 39. Rxg6+ Kf7 40. Rf6+
Kg7 41. Rxd6 Rxd6 42. Re7+ Kg6 43. Rxb7 Nb4 44. c5 Rd5 45. c6 Rxg5 46. Rxb4
axb4 47. Nb5 Rc5 48. c7 Kg7 49. Kxd3 Kf8 50. a5 Ke7 51. a6 Kd7 52. a7 Rxb5 53.
a8=Q Kxc7 54. Kc4 Rb6 55. Kc5 1-0

[Event "International Championship of Central Se"]
[Site "Paracin, hotel "]
[Date "2013.07.09"]
[Round "6.21"]
[White "Van Steenkiste, Luc"]
[Black "Lazic, Milan B"]
[Result "0-1"]
[WhiteElo "1833"]
[BlackElo "1978"]
[PlyCount "80"]
[EventDate "2013.07.05"]

1. d4 Nf6 2. f3 c5 3. d5 g6 4. e4 d6 5. Be3 Bg7 6. c4 Qb6 7. Bc1 O-O 8. Nc3 e6
9. Bd3 Nbd7 10. Qc2 Ne5 11. Nge2 exd5 12. exd5 Nxd3+ 13. Qxd3 Bf5 14. Qd1 Qb4
15. g4 Bd7 16. Qd3 b5 17. b3 a5 18. Bd2 bxc4 19. bxc4 Qb6 20. O-O Qd8 21. Bf4
Bc8 22. Rab1 Re8 23. Ng3 Bf8 24. Rfe1 Ba6 25. Bg5 Rxe1+ 26. Rxe1 h6 27. Bc1 Nd7
28. f4 Qh4 29. Kh1 Nf6 30. Kg2 Nxg4 31. h3 Qxh3+ 32. Kxh3 Nf2+ 33. Kg2 Nxd3 34.
Rd1 Nxc1 35. Rxc1 Bxc4 36. Nce4 Rb8 37. Nf6+ Kg7 38. Nge4 Rb2+ 39. Kg3 Bb5 40.
Ng4 f5 0-1

[Event "International Championship of Central Se"]
[Site "Paracin, hotel "]
[Date "2013.07.09"]
[Round "6.22"]
[White "Marjanovic, Toplica"]
[Black "Milanovic, Maja"]
[Result "0-1"]
[WhiteElo "1830"]
[BlackElo "1969"]
[PlyCount "96"]
[EventDate "2013.07.05"]

1. d4 Nf6 2. f4 d5 3. e3 e6 4. Nf3 Be7 5. Be2 Ne4 6. O-O Nd7 7. Nbd2 Ndf6 8.
Ne5 Nxd2 9. Bxd2 Ne4 10. Bd3 O-O 11. Bxe4 dxe4 12. c3 f6 13. Ng4 Qe8 14. Qc2
Qg6 15. Nf2 f5 16. Be1 b6 17. Nh3 Ba6 18. Rf2 Bd3 19. Qd1 c5 20. b3 Rac8 21.
Rc1 c4 22. a4 cxb3 23. Qxb3 Bc4 24. Qc2 Rc7 25. Rd2 Rfc8 26. Qb2 Qe8 27. Qa1
Bb3 28. a5 b5 29. Rb2 Bc4 30. Nf2 a6 31. Rd2 Bd5 32. Nd1 Qf8 33. Rf2 Bh4 34. g3
Be7 35. h3 Qf7 36. g4 Bh4 37. Rg2 Bxe1 38. Kf1 Bh4 39. Rgc2 Bc4+ 40. Kg1 Bd3
41. Rf2 Bxf2+ 42. Nxf2 b4 43. Nxd3 exd3 44. Qb1 Rxc3 45. Rxc3 Rxc3 46. Qxb4 Qc7
47. Qa4 Rc1+ 48. Kf2 Qc2+ 0-1

[Event "International Championship of Central Se"]
[Site "Paracin, hotel "]
[Date "2013.07.09"]
[Round "6.23"]
[White "Kostic, Marko G"]
[Black "Tuovic, Milos"]
[Result "1-0"]
[WhiteElo "1937"]
[BlackElo "1847"]
[PlyCount "119"]
[EventDate "2013.07.05"]

1. e4 e5 2. Nf3 Nc6 3. Bb5 d6 4. d4 exd4 5. Nxd4 Bd7 6. Nc3 Nf6 7. O-O Be7 8.
b3 Nxd4 9. Qxd4 Bxb5 10. Nxb5 Qd7 11. c4 a6 12. Nc3 h5 13. Bb2 h4 14. Rad1 b6
15. e5 Nh5 16. Qe4 O-O 17. exd6 cxd6 18. Nd5 Rae8 19. Qf3 Bf6 20. Ba3 Re5 21.
Nxf6+ Nxf6 22. Rxd6 Qe7 23. Rd5 Qxa3 24. Rxe5 Qxa2 25. Rg5 Qb2 26. Qf4 Re8 27.
Qxh4 Qxb3 28. Rg3 Qb2 29. Rh3 Kf8 30. Rf3 Re6 31. Qf4 a5 32. Qb8+ Re8 33. Qd6+
Kg8 34. Qd1 Ra8 35. Rb3 Qa2 36. Rxb6 Qxc4 37. Qf3 Rf8 38. Qb3 Qc7 39. Rb7 Qe5
40. Rb5 Qc7 41. h3 Ne4 42. Re1 Qf4 43. Qe3 Qxe3 44. Rxe3 Nd2 45. Rd3 Nc4 46.
Rc3 Nd2 47. Rxa5 Re8 48. g3 g6 49. Rd5 Re2 50. Re3 Rxe3 51. fxe3 Ne4 52. Kg2
Kg7 53. Kf3 f5 54. h4 Kf6 55. g4 Ke6 56. Rd8 Nd6 57. Rxd6+ Kxd6 58. gxf5 gxf5
59. Kf4 Ke6 60. Kg5 1-0

[Event "International Championship of Central Se"]
[Site "Paracin, hotel "]
[Date "2013.07.09"]
[Round "6.24"]
[White "Zajic, Milun"]
[Black "Milosavljevic, Delimir"]
[Result "1-0"]
[WhiteElo "1930"]
[BlackElo "1827"]
[PlyCount "79"]
[EventDate "2013.07.05"]

1. c4 Nf6 2. g3 d6 3. Bg2 g6 4. Nc3 c5 5. Nf3 Bg7 6. O-O O-O 7. a3 Nc6 8. d3 a6
9. Bd2 e6 10. e4 Rb8 11. Rb1 b5 12. cxb5 axb5 13. b4 Ba6 14. Ne1 Nd4 15. f4 Nd7
16. Ne2 Nb6 17. Be3 Nxe2+ 18. Qxe2 c4 19. d4 Bb7 20. g4 f5 21. gxf5 exf5 22. e5
Bxg2 23. Qxg2 dxe5 24. fxe5 f4 25. Bf2 Ra8 26. Ra1 Nd5 27. Nc2 f3 28. Qg4 Rf5
29. Bh4 Qf8 30. Bg3 Bh6 31. Rae1 Bd2 32. Ra1 f2+ 33. Rxf2 Ne3 34. Rxf5 Nxf5 35.
Rf1 Kh8 36. Qe4 Re8 37. e6 h6 38. d5 Qe7 39. Rxf5 gxf5 40. Qd4+ 1-0

[Event "International Championship of Central Se"]
[Site "Paracin, hotel "]
[Date "2013.07.09"]
[Round "6.25"]
[White "Brankovic, Slavoljub"]
[Black "Jovovic, Jovan"]
[Result "1/2-1/2"]
[WhiteElo "1825"]
[BlackElo "1898"]
[PlyCount "33"]
[EventDate "2013.07.05"]

1. c4 e6 2. Nc3 Nf6 3. d3 d5 4. cxd5 Nxd5 5. Nf3 b6 6. g3 Bb7 7. Bg2 Bd6 8. O-O
O-O 9. Bd2 Nxc3 10. Bxc3 Nd7 11. Qd2 c5 12. a3 a5 13. Rab1 Nf6 14. b4 cxb4 15.
axb4 a4 16. b5 a3 17. Ra1 1/2-1/2

[Event "International Championship of Central Se"]
[Site "Paracin, hotel "]
[Date "2013.07.09"]
[Round "6.16"]
[White "Tomic, Slobodan"]
[Black "Injac, Teodora"]
[Result "1-0"]
[WhiteElo "2082"]
[BlackElo "1713"]
[PlyCount "71"]
[EventDate "2013.07.05"]

1. c4 g6 2. Nc3 Bg7 3. g3 Nf6 4. Bg2 O-O 5. e4 d6 6. Nge2 c6 7. O-O e5 8. d4
Nbd7 9. h3 Re8 10. d5 cxd5 11. Nxd5 Nxd5 12. Qxd5 Nc5 13. b3 Be6 14. Qd2 Qd7
15. Kh2 b5 16. cxb5 Qxb5 17. Nc3 Qa5 18. Bb2 Red8 19. Rfd1 Rac8 20. Qe3 Rd7 21.
Rac1 Na6 22. Bf1 Nc7 23. Na4 Qb4 24. Qxa7 Bh6 25. Nb6 Bxc1 26. Bxc1 Nb5 27. Qa6
Ra7 28. Qxb5 Qxb5 29. Bxb5 Rc2 30. Be3 Raxa2 31. Bc4 Bxc4 32. bxc4 Rc3 33. Kg1
Rb3 34. Rxd6 Rc2 35. Bh6 f5 36. Rf6 1-0